|
|
|
|
| LEADER |
02536nam a2200637 a 4500 |
| 001 |
nkc20142646723 |
| 003 |
CZ PrNK |
| 005 |
20150115081000.0 |
| 007 |
ta |
| 008 |
141208s2014 xr ace e 000 0 cze |
| 015 |
|
|
|a cnb002646723
|
| 020 |
|
|
|a 978-80-7437-121-9
|q (brož.)
|
| 035 |
|
|
|a (OCoLC)903090036
|
| 040 |
|
|
|a ABA001
|b cze
|
| 041 |
0 |
|
|a cze
|b cze
|b eng
|
| 043 |
|
|
|a ec-----
|a e-xr---
|
| 045 |
|
|
|a x8y1
|
| 072 |
|
7 |
|a 72
|x Architektura
|2 Konspekt
|9 21
|
| 080 |
|
|
|a 72
|2 MRF
|
| 080 |
|
|
|a 72.036/.038
|2 MRF
|
| 080 |
|
|
|a 72.012.2
|2 MRF
|
| 080 |
|
|
|a (437.3)
|2 MRF
|
| 080 |
|
|
|a (4-191.2)
|2 MRF
|
| 080 |
|
|
|a (048.8)
|2 MRF
|
| 080 |
|
|
|a (084.12)
|2 MRF
|
| 100 |
1 |
|
|a Stempel, Jan,
|d 1959-
|7 xx0052335
|4 art
|4 edt
|
| 245 |
1 |
0 |
|a Ján Stempel - projekty a realizace /
|c [texty Miroslav Masák ... et al. ; spolupráce Ondřej Beneš, Jan Jakub Tesař]
|
| 260 |
|
|
|a [Praha] :
|b KANT,
|c 2014
|
| 300 |
|
|
|a 166 s. :
|b il. (převážně barev.), 1 portrét, plány ;
|c 29 cm
|
| 546 |
|
|
|a České a anglické resumé
|
| 600 |
1 |
7 |
|a Stempel, Jan,
|d 1959-
|7 xx0052335
|2 czenas
|
| 648 |
|
7 |
|a 20.-21. století
|7 ch462155
|2 czenas
|
| 648 |
|
4 |
|a 1981-2014
|
| 650 |
0 |
7 |
|a architektura
|7 ph118586
|z Česko
|y 20.-21. století
|2 czenas
|
| 650 |
0 |
7 |
|a architektura
|7 ph118586
|z Evropa střední
|y 20.-21. století
|2 czenas
|
| 650 |
0 |
7 |
|a moderní architektura
|7 ph115339
|z Česko
|2 czenas
|
| 650 |
0 |
7 |
|a moderní architektura
|7 ph115339
|z Evropa střední
|2 czenas
|
| 650 |
0 |
7 |
|a architektonické projekty
|7 ph137760
|y 20.-21. století
|2 czenas
|
| 650 |
0 |
9 |
|a architecture
|z Czechia
|y 20th-21st centuries
|2 eczenas
|
| 650 |
0 |
9 |
|a architecture
|z Europe, Central
|y 20th-21st centuries
|2 eczenas
|
| 650 |
0 |
9 |
|a modern architecture
|z Czechia
|2 eczenas
|
| 650 |
0 |
9 |
|a modern architecture
|z Europe, Central
|2 eczenas
|
| 650 |
0 |
9 |
|a architectural projects
|y 20th-21st centuries
|2 eczenas
|
| 655 |
|
7 |
|a přehledy
|7 fd133202
|2 czenas
|
| 655 |
|
7 |
|a fotografické publikace
|7 fd132276
|2 czenas
|
| 655 |
|
9 |
|a surveys
|2 eczenas
|
| 655 |
|
9 |
|a photographical works
|2 eczenas
|
| 700 |
1 |
|
|a Masák, Miroslav,
|d 1932-
|7 jo20010092707
|4 wfw
|
| 700 |
1 |
|
|a Beneš, Ondřej,
|d 1969-
|7 mzk2008486610
|4 ctb
|
| 700 |
1 |
|
|a Tesař, Jan,
|d 1981-
|7 xx0170467
|4 ctb
|
| 856 |
4 |
1 |
|u http://www.digitalniknihovna.cz/mzk/uuid/uuid:0974f460-2571-11e5-b44d-005056827e51
|y Digitalizovaný dokument
|x NDK
|
| 910 |
2 |
|
|a BOA001
|b 4-1337.659
|
| 990 |
|
|
|a BK
|
| 995 |
|
|
|a 01
|
| 991 |
|
|
|b 201412
|c NOV
|e n
|
| 996 |
6 |
|
|b 2610614111
|c 4-1337.659
|l MZK
|r Sklad / do 1 hodiny
|n 1
|p p.v.
|w 001476286
|u 000010
|a 1
|e BOA001
|j MZK50
|s P
|